| 000 | 00383nam a22001577a 4500 | ||
|---|---|---|---|
| 005 | 20170916111619.0 | ||
| 008 | 170916b xxu||||| |||| 00| 0 eng d | ||
| 020 | _a978-93-83725-58-8 | ||
| 041 | _aeng | ||
| 082 | _a384.558 | ||
| 100 |
_aSINGH, PARAMVEER _93925 |
||
| 245 |
_aVEDIO PRODUCTION _cPARAMVEER SINGH |
||
| 260 |
_aDELHI _bKALAPNA PRAKASHAN |
||
| 300 | _a1195 | ||
| 942 | _cBK | ||
| 999 |
_c5568 _d5566 |
||